Sports Quiz

Random Sports or Europe Quiz
Score 0/22 Timer 07:00
0 Plays Today
% Correct
AC Milan
100%
Ajax
96.4%
Bayern Munich
96.4%
Real Madrid
96.4%
Liverpool
96.4%
Inter Milan
96.4%
Manchester United
96.4%
Barcelona
92.9%
Chelsea
92.9%
Juventus
92.9%
Porto
92.9%
% Correct
Aston Villa
89.3%
Benfica
89.3%
Celtic
89.3%
Marseille
89.3%
Borussia Dortmund
89.3%
PSV Eindhoven
82.1%
Nottingham Forest
78.6%
Hamburg
71.4%
Feyenoord
71.4%
Steaua Bucharest
64.3%
Red Star Belgrade
64.3%
Remove Ads.
Support Sporcle.
Get the best of Sporcle when you Go Orange. This ad-free experience offers more features, more stats, and more fun while also helping to support Sporcle. Thank you for becoming a member.

You're not logged in!

Compare scores with friends on all Sporcle quizzes.
OR
Log In

Show Comments

Extras

Created Sep 4, 2017ReportNominate
Tags:Europe Quiz, cup, team, Winner, Winning

Top Quizzes Today


Score Distribution

Your Account Isn't Verified!

In order to create a playlist on Sporcle, you need to verify the email address you used during registration. Go to your Sporcle Settings to finish the process.

Report this User

Report this user for behavior that violates our Community Guidelines.

Details: